000 00246nam a22001097a 4500
082 _a823
_bORI/S
100 _aORIENT LONGMAN
245 _aA SAD CLOWN
260 _aHYDERABAD
_bORIENT LONGMAN
_c1992
650 _aPASSAGE LEAFLETS
_zINDIA
942 _cBK
999 _c4293
_d4293